Cinéma - Quel est ce film ? - Statistiques

Statistiques générales
  • Ce quiz a été pris 87 fois
  • Le résultat moyen est 18 sur 50
Statistiques - réponses
Année Acteurs Titre du film % Correct
2011 François Cluzet & Omar Sy Intouchables
83%
1998 Thierry Lhermitte & Jacques Villeret Le dîner de cons
71%
1993 Christian Clavier & Jean Reno Les visiteurs
69%
2008 Dany Boon & Kad Mérad Bienvenue chez les ch'tis
68%
2014 Louane & Karin Viard La famille Bélier
68%
1979 Josiane Balasko, Michel Blanc & Marie-Anne Chazel Les bronzés font du ski
63%
1980 Sophie Marceau & Brigitte Fossey La boum
61%
1967 Catherine Deneuve & Françoise Dorléac Les demoiselles de Rochefort
56%
2006 Franck Dubosc & Mathilde Seigner Camping
55%
1969 Alain Delon & Romy Schneider La piscine
55%
2014 Christian Clavier & Chantal Lauby Qu'est-ce qu'on a fait au bon dieu ?
55%
1965 Louis de Funès & Bourvil Le corniaud
53%
2004 Gérard Jugnot & François Berléand Les choristes
53%
1994 Chantal Lauby & Alain Chabat La cité de la peur
52%
2002 Christian Clavier, Gérard Depardieu & Jamel Debbouze Astérix et Obélix : Mission Cléopâtre
51%
2001 Audrey Tautou & Jamel Debbouze Le fabuleux destin d'Amélie Poulain
51%
1995 Didier Bourdon, Pascal Légitimus & Bernard Campan Les trois frères
51%
1988 Jean Reno & Jean-Marc Barr Le grand bleu
47%
2005 Jean Dujardin & Clovis Cornillac Brice de Nice
45%
1974 Gérard Depardieu & Patrick Dewaere Les valseuses
44%
2024 Pierre Niney & Anais Demoustier Le comte de Monte Cristo
41%
1972 Pierre Richard, Mireille Darc & Bernard Blier Le grand blond avec une chaussure noire
40%
2009 Sophie Marceau & Christa Theret LOL
40%
1970 Jean-Paul Belmondo & Alain Delon Borsalino
39%
1983 Pierre Richard & Gérard Depardieu Les compères
36%
1986 Emmanuelle Béart & Daniel Auteuil Manon des sources
35%
1978 Annie Girardot & Louis de Funès La zizanie
32%
2007 Marion Cotillard & Sylvie Testud La môme
31%
1956 Jean Gabin & Bourvil La traversée de Paris
31%
1964 Michelle Mercier & Robert Hossein Angélique, marquise des anges
29%
1985 Roland Giraud, André Dussolier & Michel Boujenah Trois hommes et un couffin
28%
1976 Jean Rochefort, Guy Bedos & Claude Brasseur Un éléphant ça trompe énormément
28%
1966 Anouck Aimée & Jean-Louis Trintignant Un homme et une femme
27%
1963 Bourvil & Fernandel La cuisine au beurre
25%
1988 Hélène Vincent & Benoît Magimel La vie est un long fleuve tranquille
23%
2002 Fanny Ardant, Emmanuelle Béart & Isabelle Huppert Huit femmes
21%
1952 Fernandel & Gino Cervi Le petit monde de Don Camillo
20%
1965 Louis de Funès & Jean Marais Fantomas se déchaine
19%
1969 Lino Ventura, Jean Gabin & Alain Delon Le clan des siciliens
19%
1987 Anémone & Richard Bohringer Le grand chemin
19%
1988 Isabelle Adjani & Gérard Depardieu Camille Claudel
16%
2016 Gaspard Ulliel, Nathalie Baye, Vincent Cassel & Léa Seydoux Juste la fin du monde
15%
1981 Jean-Paul Belmondo & Robert Hossein Le professionnel
15%
1995 Isabelle Huppert & Sandrine Bonnaire La cérémonie
13%
1937 Jean Gabin & Pierre Fresnay La grande illusion
12%
1986 Jean-Hugues Anglade & Béatrice Dalle 37°2 le matin
5%
1975 Jean Lefebvre & Pierre Mondy On a retrouvé la septième compagnie
5%
2008 Catherine Frot & André Dussolier Le crime est notre affaire
4%
1952 Bourvil & Brigitte Bardot Le trou normand
3%
1972 Michel Serrault & Michel Galabru Le viager
3%
Aucun quiz correspondant
Distribution des résultats
% des personnes avec chaque résultat
Percentile par nombre de réponses
Votre historique - résultats
Vous n’avez pas pris ce quiz